|
|
|
|
| LEADER |
00927cam a2200253 7i4500 |
| 001 |
0000056302 |
| 005 |
20201208090000.0 |
| 020 |
|
|
|a 0071439234 (electronic book)
|
| 090 |
0 |
0 |
|a RD734
|b .S66 2008
|
| 100 |
1 |
|
|a Skinner, Harry B
|
| 245 |
1 |
0 |
|a Current essentials orthopedics
|c Harry B. Skinner, Michael Fitzpatrick.
|
| 264 |
|
1 |
|a New York:
|b McGraw-Hill/Medical,
|c 2008.
|
| 300 |
|
|
|a 1 online resource (272 pages):
|b text file, PDF.
|
| 336 |
|
|
|a text
|2 rdacontent
|
| 337 |
|
|
|a computer
|2 rdamedia
|
| 338 |
|
|
|a online resource
|2 rdacarrier
|
| 650 |
|
0 |
|a Orthopedic surgery
|
| 650 |
|
0 |
|a Orthopedics --
|x Diagnosis
|
| 655 |
|
0 |
|a Electronic books
|
| 700 |
1 |
|
|a Fitzpatrick, Michael
|
| 856 |
4 |
2 |
|u http://library.unisel.edu.my/equip-unisel/custom/ebook_catalog/ebook/Currentessentialsorthopedics.pdf
|
| 997 |
|
|
|a Health Sciences, Faculty
|
| 998 |
|
|
|a Physiotherapy, Diploma
|
| 999 |
|
|
|a EBO0002536
|b EBOOK
|c EBOOK
|e Electronic resources
|